| 000 | 01020nam a2200289Ia 4500 | ||
|---|---|---|---|
| 003 | GCL | ||
| 008 | 140319s9999 xx 000 0 ara d | ||
| 020 | _a5475303977 | ||
| 040 |
_aGCL / _cGCL |
||
| 082 | 0 | 4 |
_a615.8315 _bأ ع |
| 100 | 1 | _aاحمد تيمور | |
| 245 | 1 | 0 |
_aالعلاج بالأوزون والطب المتكامل / _cاحمد تيمور |
| 250 | _aالاولى | ||
| 260 |
_aالقاهرة : _bدار قباء للطباعة والنشر والتوزيع ، _c2004 |
||
| 300 |
_a160 ص ؛ _c19 سم |
||
| 650 | 0 | 4 | _aالطب العربى |
| 650 | 0 | 4 | _aالاوزون |
| 650 | 0 | 4 | _aالعلاج بالاشعة |
| 650 | 0 | 4 | _aالاشعة فوق البنفسجية |
| 650 | 0 | 4 | _aالطب الصينى |
| 650 | 0 | 4 | _aالطب الهندى |
| 650 | 0 | 4 | _aالطب البديل |
| 650 | 0 | 4 | _aالطب المتكامل |
| 650 | 0 | 4 | _aالاشعة فوق البنفسجية - الاستخدام العلاجى |
| 650 | 0 | 4 | _aالاوزون - الاستخدام العلاجى |
| 942 |
_2ddc _cBK |
||
| 999 |
_c7570 _d7570 |
||